000
00327nam a2200133Ia 4500
008
220216s9999 xx 000 0 und d
100
_a
Fox R A
245
0
_a
Principles of root disease control
260
_b
Planters Bulletin
_c
1964
300
_a
210-217
650
_a
Disease control
650
_a
Root disease
942
_c
JS
999
_c
65703
_d
65703